UBT Library

Financial fitness forever : (Record no. 444)

000 -LEADER
fixed length control field 01011nam a22002057a 4500
005 - DATE AND TIME OF LATEST TRANSACTION
control field 20140429090554.0
008 - FIXED-LENGTH DATA ELEMENTS--GENERAL INFORMATION
fixed length control field 111006s2012 nyua 000 0 eng
020 ## - INTERNATIONAL STANDARD BOOK NUMBER
International Standard Book Number 9780071786980
024 #0 - OTHER STANDARD IDENTIFIER
Terms of availability eng
080 ## - UNIVERSAL DECIMAL CLASSIFICATION NUMBER
Universal Decimal Classification number 330.322
100 1# - Rafti
Rafti Merriman, Paul A.,
245 10 - TITLE STATEMENT
Title Financial fitness forever :
Statement of responsibility, etc by Paul Merriman and Richard Buck.
260 ## -
-- New York :
-- McGraw-Hill,
-- 2012.
300 ## -
-- 229 f. :
-- ill. ;
-- 24 cm.
505 0# -
-- Where we are and how we got here -- How we are our own worst enemies -- Where will you place your trust? -- Will you try to beat the market? -- How much risk will you take? -- How carefully will you diversify your investment holdings? -- How will you protect yourself from trends, fads, emotions and intuition? -- The best -- The worst -- Moving to action : twelve numbers to change your life -- The perfect investor.
650 #0 -
-- Investimet
650 #0 -
-- Financa
700 1# -
-- Buck, Richard,
942 ## - ADDED ENTRY ELEMENTS (KOHA)
Source of classification or shelving scheme
Item type Books
Holdings
Withdrawn status Lost status Source of classification or shelving scheme Damaged status Not for loan Collection code Permanent location Current location Shelving location Date acquired Total Checkouts Full call number Barcode Date last seen Koha item type Price effective from
          Koleksioni i përgjithshem UBT - Ferizaj UBT - Ferizaj Koleksioni i përgjithshem 04/29/2014   330.322 MERR 003000361 04/29/2014 Books  
          Koleksioni i përgjithshem UBT - Ferizaj UBT - Ferizaj Koleksioni i përgjithshem 04/29/2014   330.322 MERR 003000362 04/29/2014 Books  
          Koleksioni i përgjithshem UBT - Ferizaj UBT - Ferizaj Koleksioni i përgjithshem 04/29/2014   330.322 MERR 003000363 04/29/2014 Books  
          Koleksioni i përgjithshem UBT - Ferizaj UBT - Ferizaj Koleksioni i përgjithshem 04/29/2014   330.322 MERR 003000364 04/29/2014 Books  
          Koleksioni i përgjithshem UBT - Ferizaj UBT - Ferizaj Koleksioni i përgjithshem 04/29/2014   330.322 MERR 003000365 04/29/2014 Books  
          Koleksioni i përgjithshem UBT - Ferizaj UBT - Ferizaj Koleksioni i përgjithshem 04/29/2014   330.322 MERR 003000366 04/29/2014 Books  
          Koleksioni i përgjithshem UBT - Ferizaj UBT - Ferizaj Koleksioni i përgjithshem 04/29/2014   330.322 MERR 003000367 04/29/2014 Books  
          Koleksioni i përgjithshem UBT - Ferizaj UBT - Ferizaj Koleksioni i përgjithshem 04/29/2014   330.322 MERR 003000368 04/29/2014 Books  
          Koleksioni i përgjithshem UBT - Ferizaj UBT - Ferizaj Koleksioni i përgjithshem 04/29/2014   330.322 MERR 003000369 04/29/2014 Books  
          Koleksioni i përgjithshem UBT - Ferizaj UBT - Ferizaj Koleksioni i përgjithshem 04/29/2014   330.322 MERR 003000370 04/29/2014 Books  
          Koleksioni i përgjithshem UBT - Lipjan UBT - Lipjan Koleksioni i përgjithshem 05/21/2015   330.322 MERR 002-008285 05/21/2015 Books  
          Koleksioni i përgjithshem UBT - Lipjan UBT - Lipjan Koleksioni i përgjithshem 11/08/2017   330.322 MER 002-2937710 11/08/2017 Books 11/08/2017
UBT Library © 2015-2024. All rights reserved University Education for Business and Technology